Statistics for 62 Most Common N Words In English

Click here to take the quiz!

General Stats

  • This quiz has been taken 73 times
  • The average score is 24 of 62

Answer Stats

N% Correct
no
100%
not
97%
never
85%
near
83%
nor
80%
new
76%
night
75%
name
73%
nothing
73%
now
73%
nice
68%
none
68%
need
66%
net
64%
nose
64%
note
61%
nine
59%
nod
59%
neck
58%
nut
56%
next
54%
north
54%
number
54%
neither
37%
nobody
36%
nearly
34%
news
34%
normal
34%
negative
32%
nerve
32%
nervous
32%
nation
31%
natural
31%
nature
31%
nowhere
29%
nurse
29%
novel
27%
national
25%
newly
25%
noise
25%
neighbor
24%
notice
22%
narrow
20%
necessary
19%
nevertheless
19%
nearby
17%
naturally
15%
neighborhood
15%
northern
15%
newspaper
14%
normally
14%
native
12%
nuclear
10%
negotiate
8%
network
8%
notion
8%
numerous
8%
negotiation
7%
narrative
5%
nomination
5%
nonetheless
5%
necessarily
3%

Score Distribution

Percentile by Number Answered

Percent of People with Each Score

Your Score History

You have not taken this quiz